99 “European Geography by Letter” Questions of Increasing Difficulty - Statistics

General Stats
  • This quiz has been taken 47 times
    46 since last reset
  • The average score is 60 of 99
Answer Stats
% Letter Hint Answer % Correct
99% G Country that has the largest economy in Europe Germany
100%
97% M Island nation in the Mediterranean Malta
98%
94% O Famous fall festival held in Munich Oktoberfest
98%
96% T Country whose territory is 3% in Europe Turkey
98%
95% W Cardiff is its capital Wales
98%
84% B Sea on which Estonia, Latvia, and Lithuania lie {Baltic} Sea
95%
85% C Site of a 1986 nuclear disaster Chernobyl
95%
81% C Largest island in Greece Crete
95%
92% K Balkan state that declared independence in 2008 Kosovo
95%
89% K Poland's second biggest city Kraków
95%
98% M Italy's economic capital Milan
95%
93% M Where Muscovites live Moscow
95%
87% R World's northernmost capital city Reykjavík
95%
91% S Country formerly joined with the Czech Republic Slovakia
95%
79% B Sea to the south of Ukraine {Black} Sea
93%
90% B National capital on the Danube River Budapest
93%
86% R Dutch city with Europe's busiest port Rotterdam
90%
74% A Majority Muslim country Albania
88%
72% C Autonomous region of northeast Spain Catalonia
88%
88% T Historical region of central Romania Transylvania
88%
83% V Volcano that destroyed Pompeii Vesuvius
88%
77% C Peninsula that was invaded by Russia in 2014 Crimea
86%
80% F Type of inlet notably found in Norway Fjord
86%
76% P Mountain range between France and Spain Pyrenees
86%
75% R Greek island formerly home to an ancient wonder of the world Rhodes
86%
71% D German city devastated by Allied firebombing in 1945 Dresden
83%
73% S Capital of North Macedonia Skopje
83%
63% B Peninsula on which the former Yugoslavia was located Balkan
81%
82% J Peninsula forming most of Denmark Jutland
81%
66% S Second largest Mediterranean island Sardinia
81%
64% C Biggest city in southwest Ireland Cork
79%
59% P Capital of Sicily Palermo
79%
55% W German city that gave its name to the republic of 1919–1933 Weimar
79%
65% F Danish islands known for whaling {Faroe} Islands
76%
60% G Sweden's second biggest city Gothenburg
76%
52% K Russian city formerly known as Königsberg when it was part of Prussia Kaliningrad
76%
70% P City that merged with Buda in 1873 Pest
76%
50% A Largest city in Flanders Antwerp
74%
57% B Country whose first and only President was elected in 1994 Belarus
74%
58% G Capital of Liguria in NW Italy, once a city-state with a naval empire Genoa
74%
62% I Austrian Winter Olympics host city Innsbruck
74%
78% T Greece's second largest city Thessaloniki
74%
54% B City in northern Spain home to a Guggenheim museum Bilbao
71%
67% M Pointy peak on the Swiss/Italian border Matterhorn
71%
61% I "Capital" of the Scottish highlands Inverness
69%
40% O Term for a province of Russia or Ukraine Oblast
69%
30% A French city once home to the Papacy Avignon
67%
43% B Historical region composing the western half of the Czech Republic Bohemia
64%
37% D Kyiv's river Dnieper
64%
49% D Walled city of southern Croatia Dubrovnik
64%
69% F Heraldic symbol of the above {Fleur}-de-Lis
64%
56% K Full name of the city of Hull {Kingston} upon Hull
64%
36% E Tallest mountain in Europe Mount {Elbrus}
64%
68% P City just outside Berlin where Stalin, Truman, and Atlee met in 1945 Potsdam
64%
51% R River that goes from Lake Geneva to the Mediterranean Rhône
64%
34% L German city where J.S. Bach lived for most of his adult life Leipzig
62%
45% R Switzerland's fourth official language Romansh
60%
46% I Sea between Greece and Italy Ionian
57%
33% S Destination of pilgrims in northern Spain {Santiago} de Compostela
57%
53% S Town where Shakespeare was born Stratford- upon-Avon
55%
41% W Irish city known for crystal Waterford
55%
22% O Bridge connecting Copenhagen to Malmo Øresund
52%
48% P Peninsula on which the town of Sparta is located Peloponnese
52%
32% R City where Joan of Arc was executed; Monet painted its cathedral Rouen
52%
47% T The world's second oldest amusement park, opened in Copenhagen in 1843 {Tivoli} Gardens
52%
26% D Capital of the Isle of Man Douglas
50%
31% K Irish city founded in 1609, or the county it is part of Kilkenny
50%
42% S French river which was the site of the bloodiest battle of WWI Somme
50%
39% B Most famous cathedral in Moscow St. {Basil's}
50%
27% N Region of northern Spain, once an independent kingdom Navarre
48%
23% N Most populous city on the Volga river, formerly known as Gorky Nizhny Novgorod
45%
25% R Circular road surrounding central Vienna {Ring}straße
45%
35% H Croatia in Croatian Hrvatska
43%
28% O River on the Poland / Germany border Oder
43%
29% H Art museum in St. Petersburg Hermitage
40%
21% V Bulgarian resort city on the Black Sea Varna
40%
38% P One of the Seven Hills of Rome Palatine
38%
10% E Greece's second largest island by area or population Euboea
33%
24% J Sub-alpine mountain range on the Switzerland–France border Jura
33%
16% I Dutch lake created by the closing of the Zuiderzee IJsselmeer
31%
44% J Sub-alpine mountain range on the Italy–Slovenia border {Julian} Alps
31%
17% K Capital of the Orkney islands Kirkwall
26%
20% P Greek island where John had his vision of the Apocalypse Patmos
26%
13% V City on the island of Gotland Visby
26%
18% Y Tiny mining town in Sweden where six chemical elements were discovered Ytterby
26%
15% A City on the northern coast of Iceland that is the largest in the country outside the capital region Akureyri
24%
19% Q Official residence of the Italian president Quirinal
24%
14% A London bridge that connects Chelsea to Battersea {Albert} Bridge
17%
8% A Eastern Romance language and ethnic group native to the Balkans Aromanian
14%
5% B Largest city in Malta Birkirkara
14%
9% C You might see a don punting down in this river in Oxford Cherwell
14%
11% Z Fourth-biggest city in Bosnia and Herzegovina Zenica
14%
12% B Longest river in Northern Ireland Bann
10%
7% Q Major city near the Portuguese capital, home to a national palace Queluz
7%
3% D Term for Alexander the Great's successors Diadochi
5%
6% Y Southeastern Bulgarian city which lies in the banks of river Tundzha Yambol
5%
4% C Welsh town at which King Arthur supposedly had his court Caerleon
2%
2% D Treaty between Rome and Pontus ending the first Mithridatic war Treaty of {Dardanos}
2%
1% N Crusader state established in Greece after the Fourth Crusade Duchy of {Neopatria}
0%
No matching quizzes found
Score Distribution
Percent of People with Each Score
Percentile by Number Answered
Your Score History
You have not taken this quiz since the last reset